000 00767nam a22002657a 4500
001 BR8306168
003 BR-BrBNA
005 20230928091825.0
007 ta
008 230509b bl.||||| |||| 00| 0 por d
040 _aBR-BrBNA
_bpor
_cBiblioteca Nacional de Agricultura
041 _a(Por)
072 _aN20
_b4530
_b4540
090 _ 4530 BR8306168
100 1 _aVasconcelos, J.R.
245 1 _aPlantadeira e adubadeira Vaspa
_bApresentado no 1. Concurso de Equipamentos Agricolas Apropriados ao Pequeno Produtor Rural
260 3 _aInhumas, GO (Brasil):
_c1983.
300 _a18 p.
500 _a26 illus.
650 _aTECNOLOGIA APROPRIADA
650 _aPLANTADEIRA
650 _aADUBADEIRA
909 _a202309
_bLucia
_c55
_dLucia Elande
942 _cBK
999 _c35717
_d35717